[Event "Bangkok op"]
[Site "Chiang Mai THA"]
[Date "2022.10.26"]
[Round "5.10"]
[White "Thavandiran, Shiyam"]
[Black "Teerapabpaisit, Wisuwat"]
[Result "1-0"]
[WhiteElo "2353"]
[BlackElo "2084"]
[PlyCount "97"]
[EventDate "2022.10.22"]
[EventType "swiss"]
[EventRounds "9"]
[EventCountry "THA"]
[Source "ChessMix "]
[SourceDate "2022.11.01"]

1. e4 {[%emt 0:00:18]} c5 {[%emt 0:00:13]} 2. Nf3 {[%emt 0:00:13]} e6 {
[%emt 0:00:16]} 3. d4 {[%emt 0:00:17]} cxd4 {[%emt 0:00:04]} 4. Nxd4 {
[%emt 0:00:04]} a6 {[%emt 0:00:04]} 5. c4 {[%emt 0:00:55]} Nf6 {[%emt 0:00:38]}
6. Nc3 {[%emt 0:00:05]} Bb4 {[%emt 0:01:08]} 7. Qd3 {[%emt 0:00:49]} d5 {
[%emt 0:05:22]} 8. exd5 {[%emt 0:03:23]} exd5 {[%emt 0:00:27]} 9. Be2 {
[%emt 0:00:28]} O-O {[%emt 0:07:59]} 10. O-O {[%emt 0:03:35]} dxc4 {
[%emt 0:15:56]} 11. Qxc4 {[%emt 0:00:17]} Bd6 {[%emt 0:03:03]} 12. Bg5 {
[%emt 0:11:08]} Nbd7 {[%emt 0:09:25]} 13. Ne6 {[%emt 0:25:18]} Bxh2+ {
[%emt 0:07:07]} 14. Kxh2 {[%emt 0:00:29]} fxe6 {[%emt 0:00:11]} 15. Qxe6+ {
[%emt 0:00:07]} Kh8 {[%emt 0:00:11]} 16. Rad1 {[%emt 0:03:22]} Qc7+ {
[%emt 0:09:09]} 17. Qd6 {[%emt 0:01:07]} Qxd6+ {[%emt 0:01:00]} 18. Rxd6 {
[%emt 0:00:03]} b5 {[%emt 0:04:06]} 19. Bf3 {[%emt 0:03:01]} Ra7 {
[%emt 0:01:36]} 20. Re1 {[%emt 0:01:02]} h6 {[%emt 0:01:14]} 21. Bd2 {
[%emt 0:10:38]} Nc5 {[%emt 0:01:35]} 22. b4 {[%emt 0:06:58]} Nb7 {
[%emt 0:04:47]} 23. Rc6 {[%emt 0:03:53]} Bg4 {[%emt 0:05:09]} 24. Rxf6 {
[%emt 0:09:18]} Rxf6 {[%emt 0:00:14]} 25. Bxg4 {[%emt 0:00:15]} Nd6 {
[%emt 0:00:03]} 26. Nd5 {[%emt 0:00:26]} Rf8 {[%emt 0:03:47]} 27. Be3 {
[%emt 0:03:09]} Rb7 {[%emt 0:02:18]} 28. Bc5 {[%emt 0:00:30]} Rd8 {
[%emt 0:00:17]} 29. Ne7 {[%emt 0:04:26]} Nc4 {[%emt 0:03:21]} 30. Nc6 {
[%emt 0:01:51]} Ra8 {[%emt 0:02:25]} 31. Bf3 {[%emt 0:02:09]} Rc7 {
[%emt 0:03:21]} 32. Ne5 {[%emt 0:00:27]} Rac8 {[%emt 0:01:36]} 33. Nxc4 {
[%emt 0:00:55]} bxc4 {[%emt 0:00:05]} 34. Rc1 {[%emt 0:00:15]} a5 {
[%emt 0:00:48]} 35. a3 {[%emt 0:00:47]} axb4 {[%emt 0:04:09]} 36. axb4 {
[%emt 0:00:28]} Rxc5 {[%emt 0:00:20]} 37. bxc5 {[%emt 0:00:02]} Rxc5 {
[%emt 0:00:01]} 38. Rc3 {[%emt 0:00:05]} h5 {[%emt 0:02:12]} 39. Be2 {
[%emt 0:00:11]} g6 {[%emt 0:00:49]} 40. Rxc4 {[%emt 0:00:07]} Rd5 {
[%emt 0:01:04]} 41. Bf3 {[%emt 0:00:50]} Re5 {[%emt 0:00:48]} 42. Re4 {
[%emt 0:03:10]} Ra5 {[%emt 0:01:05]} 43. Re7 {[%emt 0:02:12]} Kg8 {
[%emt 0:00:43]} 44. Kg3 {[%emt 0:00:36]} Rg5+ {[%emt 0:00:51]} 45. Kh4 {
[%emt 0:00:42]} Rf5 {[%emt 0:00:15]} 46. Rd7 {[%emt 0:00:22]} Kf8 {
[%emt 0:00:57]} 47. Rd5 {[%emt 0:00:16]} Rf6 {[%emt 0:00:17]} 48. Kg5 {
[%emt 0:00:06]} Re6 {[%emt 0:00:09]} 49. Rd7 {[%emt 0:01:07]} 1-0

[Event "Bangkok op"]
[Site "Chiang Mai THA"]
[Date "2022.10.27"]
[Round "6.6"]
[White "Maulana, Muhammad Kahfi"]
[Black "Thavandiran, Shiyam"]
[Result "1-0"]
[WhiteElo "2227"]
[BlackElo "2353"]
[PlyCount "69"]
[EventDate "2022.10.22"]
[EventType "swiss"]
[EventRounds "9"]
[EventCountry "THA"]
[Source "ChessMix "]
[SourceDate "2022.11.01"]

1. d4 Nf6 {[%emt 0:00:11]} 2. c4 {[%emt 0:00:10]} e6 {[%emt 0:00:07]} 3. g3 {
[%emt 0:00:07]} c5 {[%emt 0:00:17]} 4. d5 {[%emt 0:03:24]} exd5 {[%emt 0:03:44]
} 5. cxd5 {[%emt 0:00:02]} d6 {[%emt 0:00:08]} 6. Bg2 {[%emt 0:00:06]} g6 {
[%emt 0:00:07]} 7. Nc3 {[%emt 0:00:11]} Bg7 {[%emt 0:00:12]} 8. Nf3 {
[%emt 0:00:03]} O-O {[%emt 0:00:08]} 9. O-O {[%emt 0:00:12]} Re8 {
[%emt 0:10:07]} 10. Bf4 {[%emt 0:03:15]} Na6 {[%emt 0:01:09]} 11. Re1 {
[%emt 0:02:11]} Ne4 {[%emt 0:12:33]} 12. Nxe4 {[%emt 0:01:50]} Rxe4 {
[%emt 0:00:03]} 13. Nd2 {[%emt 0:01:05]} Rb4 {[%emt 0:14:19]} 14. a3 {
[%emt 0:01:24]} Rxf4 {[%emt 0:20:26]} 15. gxf4 {[%emt 0:00:45]} Bxb2 {
[%emt 0:00:11]} 16. Ra2 {[%emt 0:00:56]} Bg7 {[%emt 0:00:35]} 17. Qb3 {
[%emt 0:02:09]} Rb8 {[%emt 0:03:04]} 18. e4 {[%emt 0:34:25]} b5 {[%emt 0:00:16]
} 19. Qe3 {[%emt 0:04:46]} Bh6 {[%emt 0:20:36]} 20. Nf3 {[%emt 0:05:33]} Qf6 {
[%emt 0:05:17]} 21. e5 {[%emt 0:03:16]} Qxf4 {[%emt 0:00:06]} 22. exd6 {
[%emt 0:11:57]} Qxe3 {[%emt 0:00:07]} 23. fxe3 {[%emt 0:00:06]} Rb6 {
[%emt 0:05:15]} 24. Ne5 {[%emt 0:02:27]} Rxd6 {[%emt 0:00:10]} 25. e4 {
[%emt 0:00:13]} Bd7 {[%emt 0:03:22]} 26. Rf2 {[%emt 0:02:40]} Bg7 {
[%emt 0:00:32]} 27. Nxf7 {[%emt 0:01:14]} Rf6 {[%emt 0:00:12]} 28. Nh6+ {
[%emt 0:01:36]} Kf8 {[%emt 0:00:29]} 29. Rxf6+ {[%emt 0:00:21]} Bxf6 {
[%emt 0:00:01]} 30. e5 {[%emt 0:00:15]} Bxe5 {[%emt 0:01:14]} 31. Rxe5 {
[%emt 0:00:16]} c4 {[%emt 0:00:32]} 32. d6 {[%emt 0:00:25]} c3 {[%emt 0:00:12]}
33. Re3 {[%emt 0:03:48]} Kg7 {[%emt 0:00:51]} 34. Rxc3 {[%emt 0:00:18]} Kxh6 {
[%emt 0:00:07]} 35. Bc6 {[%emt 0:00:25]} 1-0

[Event "Bangkok op"]
[Site "Chiang Mai THA"]
[Date "2022.10.28"]
[Round "7.11"]
[White "Thavandiran, Shiyam"]
[Black "Nguyen, Thu Giang"]
[Result "1-0"]
[WhiteElo "2353"]
[BlackElo "2112"]
[PlyCount "79"]
[EventDate "2022.10.22"]
[EventType "swiss"]
[EventRounds "9"]
[EventCountry "THA"]
[Source "ChessMix "]
[SourceDate "2022.11.01"]

1. e4 {[%emt 0:01:23]} c6 {[%emt 0:00:22]} 2. d4 {[%emt 0:00:44]} d5 {
[%emt 0:00:09]} 3. Nd2 {[%emt 0:00:04]} dxe4 {[%emt 0:00:20]} 4. Nxe4 {
[%emt 0:00:10]} Bf5 {[%emt 0:00:10]} 5. Ng3 {[%emt 0:00:06]} Bg6 {
[%emt 0:00:05]} 6. c3 {[%emt 0:00:17]} Nd7 {[%emt 0:00:36]} 7. Nh3 {
[%emt 0:00:11]} Ngf6 {[%emt 0:00:09]} 8. Bc4 {[%emt 0:00:10]} e6 {
[%emt 0:00:13]} 9. Nf4 {[%emt 0:00:40]} Nd5 {[%emt 0:00:29]} 10. Nxg6 {
[%emt 0:02:44]} hxg6 {[%emt 0:00:41]} 11. Bd2 {[%emt 0:17:51]} Qc7 {
[%emt 0:00:24]} 12. Qf3 {[%emt 0:00:09]} Be7 {[%emt 0:00:15]} 13. h3 {
[%emt 0:02:20]} O-O {[%emt 0:07:35]} 14. O-O {[%emt 0:14:47]} b5 {
[%emt 0:00:49]} 15. Bb3 {[%emt 0:01:48]} a5 {[%emt 0:10:25]} 16. Rfe1 {
[%emt 0:14:32]} a4 {[%emt 0:10:59]} 17. Bc2 {[%emt 0:00:21]} c5 {[%emt 0:06:43]
} 18. Ne2 {[%emt 0:02:53]} Rfc8 {[%emt 0:02:48]} 19. Nf4 {[%emt 0:15:49]} N7b6
{[%emt 0:12:01]} 20. Nxg6 {[%emt 0:10:11]} fxg6 {[%emt 0:01:42]} 21. Bxg6 {
[%emt 0:00:34]} Rf8 {[%emt 0:19:07]} 22. Qg4 {[%emt 0:06:59]} Rf6 {
[%emt 0:07:31]} 23. Rxe6 {[%emt 0:03:32]} Raf8 {[%emt 0:08:24]} 24. Rae1 {
[%emt 0:03:10]} cxd4 {[%emt 0:06:17]} 25. cxd4 {[%emt 0:00:15]} Bd8 {
[%emt 0:01:44]} 26. Qh5 {[%emt 0:00:36]} Rxg6 {[%emt 0:00:17]} 27. Qxg6 {
[%emt 0:01:08]} Nc4 {[%emt 0:01:23]} 28. Re8 {[%emt 0:00:23]} Nf6 {
[%emt 0:00:41]} 29. Rxf8+ {[%emt 0:00:20]} Kxf8 {[%emt 0:00:05]} 30. Bb4+ {
[%emt 0:00:39]} Kg8 {[%emt 0:00:11]} 31. g4 {[%emt 0:00:39]} Qf7 {
[%emt 0:01:14]} 32. Qf5 {[%emt 0:00:26]} g6 {[%emt 0:01:07]} 33. Qxb5 {
[%emt 0:00:34]} Nxb2 {[%emt 0:00:49]} 34. g5 {[%emt 0:00:32]} Nd7 {
[%emt 0:00:25]} 35. d5 {[%emt 0:00:25]} Bxg5 {[%emt 0:00:24]} 36. Ba3 {
[%emt 0:00:11]} Bd2 {[%emt 0:01:04]} 37. Re7 {[%emt 0:00:09]} Qf5 {
[%emt 0:00:25]} 38. Rxd7 {[%emt 0:00:52]} Qb1+ {[%emt 0:00:38]} 39. Kg2 {
[%emt 0:00:07]} Qe4+ {[%emt 0:00:05]} 40. f3 {[%emt 0:00:04]} 1-0

[Event "Bangkok op"]
[Site "Chiang Mai THA"]
[Date "2022.10.29"]
[Round "8.11"]
[White "Ferriol, Gerald"]
[Black "Thavandiran, Shiyam"]
[Result "1-0"]
[WhiteElo "2070"]
[BlackElo "2353"]
[PlyCount "55"]
[EventDate "2022.10.22"]
[EventType "swiss"]
[EventRounds "9"]
[EventCountry "THA"]
[Source "ChessMix "]
[SourceDate "2022.11.01"]

1. e4 e6 {[%emt 0:00:06]} 2. d4 {[%emt 0:00:04]} d5 {[%emt 0:00:06]} 3. Nc3 {
[%emt 0:00:03]} Bb4 {[%emt 0:00:09]} 4. e5 {[%emt 0:00:13]} b6 {[%emt 0:00:06]}
5. a3 {[%emt 0:08:11]} Bf8 {[%emt 0:02:09]} 6. f4 {[%emt 0:02:10]} a5 {
[%emt 0:04:25]} 7. Nf3 {[%emt 0:03:32]} Ne7 {[%emt 0:00:35]} 8. Be3 {
[%emt 0:05:15]} h5 {[%emt 0:14:59]} 9. Bf2 {[%emt 0:06:51]} Nf5 {[%emt 0:04:49]
} 10. Qd2 {[%emt 0:02:34]} Be7 {[%emt 0:03:54]} 11. Nd1 {[%emt 0:01:47]} Ba6 {
[%emt 0:14:13]} 12. Bxa6 {[%emt 0:01:45]} Nxa6 {[%emt 0:03:52]} 13. Ne3 {
[%emt 0:02:04]} g6 {[%emt 0:17:05]} 14. O-O {[%emt 0:08:55]} a4 {[%emt 0:12:03]
} 15. Nxf5 {[%emt 0:09:10]} exf5 {[%emt 0:04:33]} 16. Rfe1 {[%emt 0:21:40]} c6
{[%emt 0:02:11]} 17. e6 {[%emt 0:01:16]} Bf6 {[%emt 0:00:05]} 18. exf7+ {
[%emt 0:06:44]} Kxf7 {[%emt 0:00:02]} 19. Ne5+ {[%emt 0:00:20]} Bxe5 {
[%emt 0:00:12]} 20. Rxe5 {[%emt 0:00:22]} Qd6 {[%emt 0:03:16]} 21. Rae1 {
[%emt 0:00:10]} Nc7 {[%emt 0:00:06]} 22. Bh4 {[%emt 0:00:47]} Rhe8 {
[%emt 0:01:26]} 23. Be7 {[%emt 0:00:11]} Qd7 {[%emt 0:00:14]} 24. Qf2 {
[%emt 0:00:31]} c5 {[%emt 0:04:12]} 25. Qh4 {[%emt 0:00:31]} Qc6 {
[%emt 0:00:08]} 26. Qg5 {[%emt 0:00:25]} cxd4 {[%emt 0:02:05]} 27. Qh6 {
[%emt 0:00:20]} Rh8 {[%emt 0:00:02]} 28. Rxf5+ {[%emt 0:00:09]} 1-0

[Event "Isola del Sole op"]
[Site "Grado ITA"]
[Date "2022.09.25"]
[Round "2.5"]
[White "Thavandiran, Shiyam"]
[Black "Manish, Anto Cristiano F"]
[Result "1/2-1/2"]
[WhiteElo "2363"]
[BlackElo "2249"]
[PlyCount "48"]
[EventDate "2022.09.24"]
[EventType "swiss"]
[EventRounds "9"]
[EventCountry "ITA"]
[Source "ChessMix"]
[SourceDate "2022.10.10"]

1. e4 c5 2. Nf3 d6 3. d4 cxd4 4. Nxd4 Nf6 5. Nc3 a6 6. h3 e5 7. Nde2 h5 8. Bg5
Be6 9. Bxf6 Qxf6 10. Nd5 Qd8 11. Qd3 Nd7 12. O-O-O g6 13. h4 Nb6 14. Nec3 Rc8
15. Kb1 Rc4 16. Qe3 Rc5 17. Nxb6 Qxb6 18. g3 Bh6 19. Qd3 Rc6 20. Bh3 Qxf2 21.
Rhf1 Qe3 22. Bxe6 fxe6 23. Qxe3 Bxe3 24. Rf6 Ke7 1/2-1/2

[Event "Isola del Sole op"]
[Site "Grado ITA"]
[Date "2022.09.26"]
[Round "3.4"]
[White "Thuesen, Mogens Henrik"]
[Black "Thavandiran, Shiyam"]
[Result "0-1"]
[WhiteElo "2242"]
[BlackElo "2363"]
[PlyCount "56"]
[EventDate "2022.09.24"]
[EventType "swiss"]
[EventRounds "9"]
[EventCountry "ITA"]
[Source "ChessMix"]
[SourceDate "2022.10.10"]

1. d4 e6 2. c4 Bb4+ 3. Bd2 a5 4. Nf3 Nf6 5. Qc2 d5 6. e3 O-O 7. Bd3 Nbd7 8. O-O
h6 9. Nc3 c5 10. b3 cxd4 11. exd4 dxc4 12. bxc4 b6 13. Rad1 Bb7 14. Ne5 Rc8 15.
Rfe1 Ba6 16. Re3 Nxe5 17. dxe5 Ng4 18. Rg3 Qh4 19. Bxh6 Qxh2+ 20. Kf1 Nxh6 21.
Ne4 Qh1+ 22. Ke2 Qh5+ 23. Kf1 Qxe5 24. Ng5 Rfd8 25. Nf3 Qc3 26. Qe2 Bxc4 27.
Bxc4 Rxd1+ 28. Qxd1 Qxc4+ 0-1

[Event "Isola del Sole op"]
[Site "Grado ITA"]
[Date "2022.09.26"]
[Round "4.2"]
[White "Thavandiran, Shiyam"]
[Black "Garsky, Vladyslav"]
[Result "1-0"]
[WhiteElo "2363"]
[BlackElo "2229"]
[PlyCount "59"]
[EventDate "2022.09.24"]
[EventType "swiss"]
[EventRounds "9"]
[EventCountry "ITA"]
[Source "Mark Crowther"]
[SourceDate "2022.10.03"]

1. e4 e5 2. Bc4 Nf6 3. d3 Nc6 4. Nc3 Bb4 5. Nf3 d6 6. O-O Na5 7. Bb3 Nxb3 8.
axb3 Bg4 9. Qe2 h6 10. Nd1 O-O 11. Ne3 Re8 12. Nxg4 Nxg4 13. h3 Nf6 14. c3 Bc5
15. b4 Bb6 16. Nh4 Kh7 17. Nf5 Ng8 18. Kh2 g6 19. Ne3 c6 20. f4 exf4 21. Rxf4
Qd7 22. Qf3 Kg7 23. d4 d5 24. e5 Bd8 25. h4 f6 26. Ng4 Rf8 27. exf6+ Nxf6 28.
Rxf6 Rxf6 29. Bxh6+ Kh7 30. Qxf6 1-0

[Event "Isola del Sole op"]
[Site "Grado ITA"]
[Date "2022.09.27"]
[Round "5.1"]
[White "Korneev, Oleg"]
[Black "Thavandiran, Shiyam"]
[Result "1-0"]
[WhiteElo "2460"]
[BlackElo "2363"]
[PlyCount "107"]
[EventDate "2022.09.24"]
[EventType "swiss"]
[EventRounds "9"]
[EventCountry "ITA"]
[Source "ChessMix"]
[SourceDate "2022.10.10"]

1. e4 e6 2. d4 d5 3. Nc3 Nf6 4. Bg5 dxe4 5. Nxe4 Be7 6. Bxf6 Bxf6 7. Nf3 Nd7 8.
Bd3 c5 9. Nxf6+ Nxf6 10. dxc5 Qa5+ 11. Nd2 Qxc5 12. O-O Bd7 13. Qe2 Bc6 14. Ne4
Nxe4 15. Bxe4 O-O 16. Bxc6 Qxc6 17. c4 Rfd8 18. Rfd1 h6 19. h3 Qb6 20. b3 a5
21. Rxd8+ Rxd8 22. Rd1 g6 23. Rxd8+ Qxd8 24. Qe3 Qd1+ 25. Kh2 Qd6+ 26. g3 Qa3
27. Qd2 h5 28. Kg2 Qc5 29. h4 Qc6+ 30. Kg1 Qc5 31. Qd7 b6 32. a3 Kg7 33. Qd2
Kg8 34. b4 axb4 35. axb4 Qxc4 36. Qd8+ Kg7 37. Qxb6 Qc1+ 38. Kg2 Qc4 39. b5
Qd5+ 40. Kh2 Kf6 41. Qb8 Kg7 42. Qb6 Kf6 43. Kg1 Qd1+ 44. Kg2 Qd5+ 45. Kh2 Ke7
46. Qc7+ Kf8 47. Qc8+ Ke7 48. b6 Qd4 49. Qb7+ Kf6 50. Kg2 Qb4 51. Qc7 Kg7 52.
b7 Qe4+ 53. Kh2 Qf3 54. Qe5+ 1-0

[Event "Isola del Sole op"]
[Site "Grado ITA"]
[Date "2022.09.28"]
[Round "6.3"]
[White "Thavandiran, Shiyam"]
[Black "Boraso, Alessio"]
[Result "1/2-1/2"]
[WhiteElo "2363"]
[BlackElo "2306"]
[PlyCount "65"]
[EventDate "2022.09.24"]
[EventType "swiss"]
[EventRounds "9"]
[EventCountry "ITA"]
[Source "ChessMix"]
[SourceDate "2022.10.10"]

1. e4 c5 2. Nf3 e6 3. Nc3 Nc6 4. Bb5 Nge7 5. O-O a6 6. Bxc6 Nxc6 7. d4 cxd4 8.
Nxd4 Qc7 9. Nxc6 dxc6 10. Qg4 e5 11. Qg3 h5 12. h4 Bg4 13. Be3 Bd6 14. f3 Be6
15. Rad1 O-O 16. Na4 f6 17. Bb6 Qe7 18. Rd2 Rfe8 19. Rfd1 Bc7 20. Bxc7 Qxc7 21.
Nc5 Qb6 22. b4 Qxb4 23. Nxe6 Rxe6 24. Qg6 Qf8 25. Qxh5 Re7 26. Qg4 Qf7 27. h5
Rae8 28. a3 Qe6 29. Qg6 Qf7 30. Qg4 Qe6 31. Qg6 Qf7 32. Kf2 Qxg6 33. hxg6
1/2-1/2

[Event "Isola del Sole op"]
[Site "Grado ITA"]
[Date "2022.09.29"]
[Round "7.2"]
[White "Basso, Pier Luigi"]
[Black "Thavandiran, Shiyam"]
[Result "0-1"]
[WhiteElo "2528"]
[BlackElo "2363"]
[PlyCount "132"]
[EventDate "2022.09.24"]
[EventType "swiss"]
[EventRounds "9"]
[EventCountry "ITA"]
[Source "Mark Crowther"]
[SourceDate "2022.10.03"]

1. c4 c5 2. Nc3 Nf6 3. g3 e6 4. Bg2 d5 5. d3 d4 6. Ne4 Nxe4 7. Bxe4 Bd6 8. Bg2
O-O 9. Nf3 Nc6 10. O-O e5 11. e4 Be7 12. a3 Be6 13. Nd2 Qd7 14. f4 exf4 15.
gxf4 f5 16. e5 g5 17. fxg5 Bxg5 18. Nf3 Be3+ 19. Kh1 Kh8 20. b4 Rg8 21. b5 Ne7
22. Qe1 f4 23. Qh4 Raf8 24. Bxe3 Nf5 25. Bxf4 Nxh4 26. Nxh4 Qe7 27. Bg3 Rxf1+
28. Rxf1 Rxg3 29. hxg3 Qg5 30. Kh2 Qxe5 31. Bxb7 Qe2+ 32. Bg2 Kg7 33. Nf5+ Bxf5
34. Rxf5 Qxd3 35. Rxc5 Qe2 36. Rc7+ Kg6 37. Rxa7 d3 38. Rd7 d2 39. b6 Qh5+ 40.
Bh3 Qe2+ 41. Bg2 d1=Q 42. Rxd1 Qxd1 43. b7 Qb3 44. a4 Kg5 45. Bf3 h5 46. a5 h4
47. a6 Qb2+ 48. Kh3 Qb3 49. Kh2 Qb2+ 50. Kh3 Qe5 51. gxh4+ Kf4 52. Bg2 Qe3+ 53.
Kh2 Qg3+ 54. Kg1 Qe1+ 55. Kh2 Qg3+ 56. Kg1 Qe1+ 57. Kh2 Qxh4+ 58. Kg1 Qh8 59.
Bd5 Qa1+ 60. Kh2 Qb2+ 61. Bg2 Qh8+ 62. Kg1 Kg3 63. Kf1 Qb2 64. b8=Q+ Qxb8 65.
Bb7 Qe5 66. a7 Qe3 0-1

[Event "Isola del Sole op"]
[Site "Grado ITA"]
[Date "2022.09.30"]
[Round "8.2"]
[White "Thavandiran, Shiyam"]
[Black "Sharan, Rao"]
[Result "1/2-1/2"]
[WhiteElo "2363"]
[BlackElo "2312"]
[PlyCount "94"]
[EventDate "2022.09.24"]
[EventType "swiss"]
[EventRounds "9"]
[EventCountry "ITA"]
[Source "ChessMix"]
[SourceDate "2022.10.10"]

1. e4 c6 2. Nf3 d5 3. d3 g6 4. e5 Bg4 5. Nbd2 Bg7 6. h3 Bxf3 7. Nxf3 Nd7 8. d4
e6 9. Bd3 c5 10. c3 Ne7 11. O-O Nc6 12. Be3 a6 13. Qd2 O-O 14. b4 cxb4 15. cxb4
f6 16. exf6 Nxf6 17. Rac1 Qd6 18. b5 axb5 19. Bxb5 Ne4 20. Qb2 Ne7 21. Bd3 Nf5
22. Bxe4 dxe4 23. Ne5 Qd5 24. a3 Ra5 25. Rb1 Nd6 26. Rfc1 Rb5 27. Qc2 Rxb1 28.
Qxb1 Qa5 29. Nd7 Re8 30. Nc5 Qxa3 31. Nxe4 Nf5 32. Rc3 Qa6 33. Rc7 b6 34. Rc6
Nxe3 35. fxe3 Qe2 36. Qb3 Bxd4 37. exd4 Qxe4 38. Qxb6 Ra8 39. Qc7 Qxd4+ 40. Kh2
Qf6 41. Rb6 Rf8 42. Qd6 Kg7 43. Qxe6 Qf4+ 44. Kh1 Qc1+ 45. Kh2 Qf4+ 46. Kh1
Qf1+ 47. Kh2 Qf4+ 1/2-1/2

[Event "Isola del Sole op"]
[Site "Grado ITA"]
[Date "2022.10.01"]
[Round "9.3"]
[White "Sarkar, Justin"]
[Black "Thavandiran, Shiyam"]
[Result "1/2-1/2"]
[WhiteElo "2355"]
[BlackElo "2363"]
[PlyCount "70"]
[EventDate "2022.09.24"]
[EventType "swiss"]
[EventRounds "9"]
[EventCountry "ITA"]
[Source "ChessMix"]
[SourceDate "2022.10.10"]

1. e4 e6 2. d4 d5 3. Nc3 Nf6 4. e5 Nfd7 5. f4 c5 6. Nce2 Nc6 7. Nf3 Be7 8. c3
O-O 9. g3 b5 10. f5 exf5 11. Nf4 b4 12. Nxd5 bxc3 13. bxc3 cxd4 14. Nxe7+ Qxe7
15. cxd4 Ndxe5 16. dxe5 Nxe5 17. Kf2 Rd8 18. Qb3 Qc5+ 19. Kg2 Nxf3 20. Qxf3 Be6
21. Be3 Qe5 22. Rd1 Bxa2 23. Be2 Bd5 24. Rxd5 Rxd5 25. Rd1 Rad8 26. Rxd5 Qxd5
27. Qxd5 Rxd5 28. Bxa7 g6 29. h4 h5 30. Kf3 Ra5 31. Bd4 Ra4 32. Bf6 Rb4 33. Be5
Ra4 34. Bf6 Rb4 35. Be5 Ra4 1/2-1/2

[Event "HIT op"]
[Site "Nova Gorica SLO"]
[Date "2022.09.19"]
[Round "6.12"]
[White "Thavandiran, Shiyam"]
[Black "Schloffer, Jasmin-Denise"]
[Result "1-0"]
[WhiteElo "2363"]
[BlackElo "2127"]
[PlyCount "63"]
[EventDate "2022.09.16"]
[EventType "swiss"]
[EventRounds "9"]
[EventCountry "SLO"]
[Source "ChessMix"]
[SourceDate "2022.10.01"]

1. e4 {[%emt 0:03:59]} e5 {[%emt 0:00:06]} 2. Bc4 {[%emt 0:00:26]} Nf6 {
[%emt 0:00:07]} 3. d3 {[%emt 0:00:12]} Nc6 {[%emt 0:00:05]} 4. Nc3 {
[%emt 0:00:10]} Na5 {[%emt 0:00:11]} 5. Nge2 {[%emt 0:00:45]} Nxc4 {
[%emt 0:02:12]} 6. dxc4 {[%emt 0:00:09]} d6 {[%emt 0:00:31]} 7. O-O {
[%emt 0:00:58]} Be7 {[%emt 0:01:14]} 8. b3 {[%emt 0:08:53]} Be6 {[%emt 0:04:41]
} 9. f4 {[%emt 0:10:46]} exf4 {[%emt 0:03:41]} 10. Nxf4 {[%emt 0:00:58]} Qd7 {
[%emt 0:04:03]} 11. h3 {[%emt 0:06:42]} O-O-O {[%emt 0:07:10]} 12. Qd4 {
[%emt 0:07:41]} c5 {[%emt 0:05:30]} 13. Qd3 {[%emt 0:01:11]} Rhg8 {
[%emt 0:03:30]} 14. Bb2 {[%emt 0:09:54]} Kb8 {[%emt 0:04:07]} 15. Rae1 {
[%emt 0:12:23]} Ne8 {[%emt 0:08:43]} 16. Ncd5 {[%emt 0:05:23]} f6 {
[%emt 0:08:57]} 17. Bc3 {[%emt 0:12:27]} Nc7 {[%emt 0:01:43]} 18. Ba5 {
[%emt 0:00:46]} b6 {[%emt 0:01:01]} 19. Bd2 {[%emt 0:00:51]} Bf7 {
[%emt 0:04:29]} 20. a4 {[%emt 0:00:30]} Ne6 {[%emt 0:03:59]} 21. a5 {
[%emt 0:03:07]} Nxf4 {[%emt 0:02:02]} 22. Bxf4 {[%emt 0:00:06]} g5 {
[%emt 0:01:31]} 23. Bg3 {[%emt 0:01:32]} Bxd5 {[%emt 0:00:51]} 24. exd5 {
[%emt 0:00:05]} h5 {[%emt 0:00:50]} 25. Qh7 {[%emt 0:01:59]} Rde8 {
[%emt 0:04:16]} 26. Rxe7 {[%emt 0:07:33]} Qxe7 {[%emt 0:00:49]} 27. Qxe7 {
[%emt 0:00:02]} Rxe7 {[%emt 0:00:06]} 28. Bxd6+ {[%emt 0:00:04]} Rc7 {
[%emt 0:00:04]} 29. Rxf6 {[%emt 0:00:13]} Rgg7 {[%emt 0:02:26]} 30. a6 {
[%emt 0:01:29]} Kc8 {[%emt 0:01:01]} 31. Bxc7 {[%emt 0:00:06]} Kxc7 {
[%emt 0:00:22]} 32. Kf2 {[%emt 0:00:11]} 1-0

[Event "HIT op"]
[Site "Nova Gorica SLO"]
[Date "2022.09.20"]
[Round "7.4"]
[White "Sonis, Francesco"]
[Black "Thavandiran, Shiyam"]
[Result "1-0"]
[WhiteElo "2542"]
[BlackElo "2363"]
[PlyCount "75"]
[EventDate "2022.09.16"]
[EventType "swiss"]
[EventRounds "9"]
[EventCountry "SLO"]
[Source "ChessMix"]
[SourceDate "2022.10.01"]

1. Nf3 Nf6 2. g3 g6 3. c4 Bg7 4. Bg2 O-O 5. O-O d6 6. d4 Nbd7 7. Nc3 e5 8. e4
c6 9. h3 exd4 10. Nxd4 Qb6 11. Nc2 Ne8 12. Bd2 Ne5 13. b3 f5 14. Kh1 Nf6 15. f4
Nf7 16. Be3 Qa5 17. Bd4 Be6 18. exf5 gxf5 19. Ne3 Rae8 20. Qd3 Nh5 21. Kh2 Bc8
22. Bxg7 Nxg7 23. Rae1 Re7 24. b4 Qd8 25. Nc2 Rxe1 26. Rxe1 Re8 27. Rd1 h5 28.
Bf3 h4 29. Rg1 hxg3+ 30. Rxg3 Qf6 31. b5 Bd7 32. Nd4 Rc8 33. bxc6 bxc6 34. Bxc6
Bxc6 35. Qxf5 Qxd4 36. Qxc8+ Kh7 37. Qxc6 Nf5 38. Qe4 1-0

[Event "HIT op"]
[Site "Nova Gorica SLO"]
[Date "2022.09.21"]
[Round "8.15"]
[White "Thavandiran, Shiyam"]
[Black "Guid, Matej"]
[Result "1-0"]
[WhiteElo "2363"]
[BlackElo "2292"]
[PlyCount "112"]
[EventDate "2022.09.16"]
[EventType "swiss"]
[EventRounds "9"]
[EventCountry "SLO"]
[Source "ChessMix"]
[SourceDate "2022.10.01"]

1. e4 e6 2. d4 d5 3. exd5 exd5 4. Nf3 Bd6 5. Bd3 Nc6 6. c3 Nge7 7. O-O Bf5 8.
Bxf5 Nxf5 9. Qb3 O-O 10. Qxb7 Qd7 11. Qb5 Rab8 12. Qd3 Rfe8 13. Nbd2 f6 14. b3
g5 15. Bb2 Nce7 16. Ne1 Ng6 17. g3 Nfh4 18. Kh1 Qh3 19. Rg1 Re6 20. Qf1 Qxf1
21. Rxf1 Re2 22. Rd1 Nf5 23. Nd3 Rbe8 24. Rfe1 Rxe1+ 25. Rxe1 Rxe1+ 26. Nxe1 c5
27. dxc5 Bxc5 28. Nd3 Bb6 29. c4 dxc4 30. Nxc4 Bd8 31. Kg2 g4 32. f3 gxf3+ 33.
Kxf3 Kf7 34. Ke4 Nge7 35. Nf4 Bc7 36. Nh5 Kg6 37. Nxf6 h5 38. Nd7 Nxg3+ 39.
hxg3 Bxg3 40. Nce5+ Kg5 41. Bc1+ Kh4 42. Nf6 Bxe5 43. Kxe5 Nc6+ 44. Kd6 Nd4 45.
Kc5 Ne2 46. Bd2 Kg3 47. Nxh5+ Kg4 48. Nf4 Ng1 49. Kb5 Nf3 50. Be3 Ne5 51. Nd5
Nd3 52. Bxa7 Nc1 53. Be3 Nxa2 54. Ka4 Kf3 55. Ka3 Ke4 56. Kxa2 Kxd5 1-0

[Event "Trieste op"]
[Site "Trieste ITA"]
[Date "2022.09.06"]
[Round "6.9"]
[White "Thavandiran, Shiyam"]
[Black "Hjelmas, Lars"]
[Result "1-0"]
[WhiteElo "2363"]
[BlackElo "2254"]
[PlyCount "45"]
[EventDate "2022.09.03"]
[EventType "swiss"]
[EventRounds "9"]
[EventCountry "ITA"]
[Source "ChessMix"]
[SourceDate "2022.09.10"]

1. e4 e6 2. d4 d5 3. exd5 exd5 4. c4 Nf6 5. Nc3 Be7 6. Bd3 dxc4 7. Bxc4 O-O 8.
Nge2 Nbd7 9. O-O Nb6 10. Bb3 c6 11. Nf4 Bf5 12. Be3 Qd6 13. Qf3 Kh8 14. h3 Qd7
15. d5 c5 16. g4 c4 17. Bd1 Bg6 18. g5 Ne8 19. a4 Qf5 20. Nxg6+ fxg6 21. Qxf5
Rxf5 22. Bg4 Rxd5 23. Bxb6 1-0